书目信息 |
| 题名: |
现代教育技术教程
|
|
| 作者: | 蔡铁权 编著 | |
| 分册: | ||
| 出版信息: | 北京 科学出版社 2000 |
|
| 页数: | 285页 | |
| 开本: | 23cm | |
| 丛书名: | ||
| 单 册: | ||
| 中图分类: | G43 , G40-057 | |
| 科图分类: | ||
| 主题词: | 电化教育--高等学校--教材 , 教育学 | |
| 电子资源: | ||
| ISBN: | 7-03-008607-4 | |
| 000 | 00919nam0 2200277 450 | |
| 000 | 00896nam0 2200265 450 | |
| 000 | 00830nam0 2200241 450 | |
| 000 | 00793nam0 2200229 45 | |
| 005 | 20070525092400.79 | |
| 010 | @a7-03-008607-4@dCNY22.00 | |
| 100 | @a20070419d2000 em y0chiy0120 ea | |
| 101 | 0 | @achi |
| 102 | @aCN@b110000 | |
| 105 | @ay z 000yy | |
| 200 | 1 | @a现代教育技术教程@AXian Dai Jiao Yu Ji Shu Jiao Cheng@f蔡铁权等编著@FCai Tie Quan Deng Bian Zhu |
| 210 | @a北京@c科学出版社@d2000 | |
| 215 | @a285页@d23cm | |
| 300 | @a高等院校选用教材(师范类) | |
| 330 | @a本书介绍了听觉媒体、视觉媒体、视听觉媒体的设备与教学应用;阐述了计算机辅助教学、多媒体组合教学、网络教育与远程教育等。 | |
| 606 | 0 | @a电化教育@x高等学校@j教材 |
| 606 | 0 | @a教育学 |
| 690 | @aG43@v4 | |
| 690 | @aG40-057@v3 | |
| 701 | 0 | @a蔡铁权@ACai Tie Quan@4编著 |
| 801 | 0 | @aCN@bTAOJIN@c20070525 |
| 905 | @a10447@dG40-057@e373 | |
| 现代教育技术教程/蔡铁权等编著.-北京:科学出版社,2000 |
| 285页;23cm |
| 高等院校选用教材(师范类) |
| ISBN 7-03-008607-4:CNY22.00 |
| 本书介绍了听觉媒体、视觉媒体、视听觉媒体的设备与教学应用;阐述了计算机辅助教学、多媒体组合教学、网络教育与远程教育等。 |
| ● |
| 相关链接 |
|
|
|
|
正题名:现代教育技术教程
索取号:G40-057/373
 
预约/预借
| 序号 | 登录号 | 条形码 | 馆藏地/架位号 | 状态 | 备注 |
| 1 | 0522340 | 205223408 | 第一样本阅览室/ [索取号:G40-057/373] | 在馆 | |
| 2 | 0522341 | 205223417 | 第四借阅区/ [索取号:G40-057/373] | 在馆 | |
| 3 | 0522342 | 205223426 | 第四借阅区/ [索取号:G40-057/373] | 在馆 | |
| 4 | 0522343 | 205223435 | 第四借阅区/ [索取号:G40-057/373] | 在馆 | |
| 5 | 0522344 | 205223444 | 第四借阅区/ [索取号:G40-057/373] | 在馆 |